Statistiken für Formel 1 Weltmeister

Klicken Sie hier um das Quiz zu spielen!

Allgemein

  • Dieses Quiz wurde 143 mal gespielt
  • Das Durchschnittsergebnis liegt bei 19 aus 34

Antwortstatistiken

Antwort% Korrekt
Nico Rosberg
96%
Max Verstappen
95%
Michael Schumacher
95%
Sebastian Vettel
95%
Lewis Hamilton
94%
Fernando Alonso
91%
Jenson Button
86%
Niki Lauda
84%
Mika Häkkinen
81%
Kimi Räikkönen
80%
Ayrton Senna
79%
Alain Prost
75%
James Hunt
62%
Nigel Mansell
62%
Keke Rosberg
51%
Juan Manuel Fangio
48%
Jackie Stewart
47%
Jochen Rindt
46%
Damon Hill
45%
Jacques Villeneuve
45%
Alberto Ascari
42%
Giuseppe Farina
41%
Nelson Piquet
41%
Emerson Fittipaldi
35%
Graham Hill
35%
Jim Clark
31%
Jody Scheckter
30%
Jack Brabham
29%
Phil Hill
29%
John Surtees
28%
Mike Hawthorn
27%
Alan Jones
25%
Denis Hulme
25%
Mario Andretti
24%

Verteilung der Resultate

Perzentil nach korrekt beantworteten Fragen

Anzahl Personen mit jedem Resultat

Ihre Resultats-Entwicklung

Sie haben dieses Quiz noch nicht gespielt